Voda jako relevantní mezinárodněpolitické téma
Voda ako predmet ekonomického a politického záujmu. Extenzívne využívanie vodných zdrojov. Problém trvalo udržateľného hospodárenia s vodou - kvantitatívne a kvalitatívne hľadisko. Nástroje na dosiahnutie trvalo udržateľného hospodárenia s vodou. Nerovnomerné rozloženie problému nedostatku vody. M...
Salvato in:
| Autore principale: | |
|---|---|
| Natura: | Capitolo di libro |
| Lingua: | ceco |
| Soggetti: | |
| Tags: |
Nessun Tag, puoi essere il primo ad aggiungerne!!
|
MARC
| LEADER | 00000naa$a2200000$$$4500 | ||
|---|---|---|---|
| 001 | 0018424 | ||
| 005 | 20231016091557.2 | ||
| 041 | 0 | |a cze | |
| 044 | |a CZ | ||
| 245 | 1 | 0 | |a Voda jako relevantní mezinárodněpolitické téma |c Oldřich Krpec |
| 520 | |a Voda ako predmet ekonomického a politického záujmu. Extenzívne využívanie vodných zdrojov. Problém trvalo udržateľného hospodárenia s vodou - kvantitatívne a kvalitatívne hľadisko. Nástroje na dosiahnutie trvalo udržateľného hospodárenia s vodou. Nerovnomerné rozloženie problému nedostatku vody. Medzinárodná eskalácia sporov o vodu. Vplyv činnosti človeka na vodu. | ||
| 610 | 2 | 0 | |a ochrana prostredia životného |
| 610 | 2 | 0 | |a ochrana vody |
| 610 | 2 | 0 | |a spotreba vody |
| 610 | 2 | 0 | |a politika medzinárodná |
| 610 | 2 | 0 | |a konflikty medzinárodné |
| 610 | 2 | 0 | |a ekológia |
| 610 | 2 | 0 | |a vývoj populačný |
| 610 | 2 | 0 | |a zdroje vodné |
| 610 | 2 | 0 | |a hydrológia |
| 100 | 1 | |a Krpec, Oldřich | |